50 Największych Miast Niemiec na Mapie - Statystyki

Ogólne statystyki
  • Ten quiz został rozwiązany 65 razy
  • Średni wynik to 30 z 50
Odpowiedzi na mapie
Odpowiedzi zakodowano w zielono-czerwonej skali na mapie do tego quizu, zgodnie z poniższymi procentami.
 
Statystyki odpowiedzi
Land Miasto Populacja % Poprawnych
- Berlin 3,7 mln
100%
Saksonia Drezno 560k
97%
- Hamburg 1,8 mln
97%
Bawaria Monachium 1,5 mln
97%
Nadrenia Północna- Westfalia Dortmund 600k
94%
Hesja Frankfurt 750k
94%
Saksonia Lipsk 610k
94%
- Brema 590k
91%
Bawaria Norymberga 530k
91%
Dolna Saksonia Hanower 520k
89%
Nadrenia Północna- Westfalia Kolonia 1 mln
89%
Brandenburgia Poczdam 185k
86%
Nadrenia Północna- Westfalia Essen 570k
83%
Badenia-Wirtembergia Stuttgart 610k
83%
Meklemburgia-Pomorze Przednie Rostock 205k
80%
Nadrenia Północna- Westfalia Bonn 320k
77%
Nadrenia Północna- Westfalia Dusseldorf 620k
77%
Szlezwik-Holsztyn Kilonia 250k
77%
Saksonia-Anhalt Magdeburg 245k
77%
Bawaria Augsburg 300k
71%
Saksonia Chemnitz 245k
69%
Turyngia Erfurt 220k
66%
Badenia-Wirtembergia Mannheim 320k
66%
Saara Saarbrucken 180k
63%
Nadrenia Północna- Westfalia Bielefeld 330k
60%
Nadrenia-Palatynat Moguncja 225k
60%
Nadrenia Północna-Westfalia Akwizgran 260k
57%
Nadrenia Północna- Westfalia Bochum 360k
57%
Nadrenia Północna- Westfalia Duisburg 500k
54%
Badenia-Wirtembergia Fryburg 240k
54%
Nadrenia Północna- Westfalia Gelsenkirchen 270k
54%
Saksonia-Anhalt Halle 225k
54%
Badenia-Wirtembergia Karlsruhe 320k
51%
Szlezwik-Holsztyn Lubeka 215k
51%
Dolna Saksonia Brunszwik 250k
49%
Nadrenia Północna- Westfalia Wuppertal 360k
49%
Nadrenia Północna- Westfalia Munster 310k
43%
Nadrenia Północna-Westfalia Leverkusen 170k
40%
Hesja Wiesbaden 290k
40%
Hesja Kassel 200k
34%
Hesja Darmstadt 165k
26%
Nadrenia Północna-Westfalia Monchengladbach 270k
26%
Dolna Saksonia Oldenburg 175k
23%
Dolna Saksonia Osnabruck 165k
23%
Nadrenia Północna-Westfalia Oberhausen 210k
20%
Nadrenia Północna-Westfalia Hagen 190k
11%
Nadrenia Północna-Westfalia Hamm 180k
11%
Nadrenia Północna-Westfalia Krefeld 230k
9%
Nadrenia-Palatynat Ludwigshafen 180k
9%
Nadrenia Północna-Westfalia Mulheim 170k
0%
Nie znaleziono quizów pasujących do podanych kryteriów
Rozkład punktacji
Procent ludzi z każdym wynikiem
Percentyl według liczby udzielonych odpowiedzi
Twoja historia wyników
Nie rozwiązałeś tego quizu